Quantity surveying practice

Guardat en:
Dades bibliogràfiques
Autor principal: SEELEY, Ivor H.
Format: Llibre
Idioma:anglès
Publicat: Macmillan 1984
Etiquetes: Afegir etiqueta
Sense etiquetes, Sigues el primer a etiquetar aquest registre!

MARC

LEADER 00000nam a22000007a 4500
008 210122b ||||| |||| 00| 0 eng d
020 |a 0-333-37860-1 
100 |a SEELEY, Ivor H. 
245 |a Quantity surveying practice  |c Ivor H. Seeley 
260 |b Macmillan  |c 1984  |h London  |i 272898  |i 653336  |l TH435 .Se31 
942 |a lcc  |c BK  |e Adeyeye Y. S.  |f 22/01/21 
952 |0 0  |1 0  |2 lcc  |4 0  |6 TH0435 S E31  |7 0  |9 1485  |a HOL  |b HOL  |c QZ  |d 2021-01-22  |l 0  |o TH435 .Se31   |p 2021-0282  |r 2021-01-22 00:00:00  |w 2021-01-22  |y BK 
952 |0 0  |1 0  |2 lcc  |4 0  |6 TH0435 S E31  |7 0  |9 1488  |a HOL  |b HOL  |c QZ  |d 2021-01-22  |l 0  |o TH435 .Se31   |p 2021-0285  |r 2021-01-22 00:00:00  |w 2021-01-22  |y BK 
999 |c 780  |d 780